Leer y escribir en la escuela para la vida. /[Documento electrónico].
Uloženo v:
| Hlavní autor: | |
|---|---|
| Další autoři: | , |
| Médium: | Kniha |
| Jazyk: | Spanish |
| Vydáno: |
Bogotá:
Instituto para la Investigación Educativa y el Desarrollo Pedagógico, IDEP Pontificia Universidad Javeriana, 2010.
|
| Edice: | Serie: La sistematización como investigación: Un camino para transformar la enseñanza
|
| Témata: | |
| On-line přístup: | Para acceder al PDF haga clic aquí |
| Tagy: |
Přidat tag
Žádné tagy, Buďte první, kdo vytvoří štítek k tomuto záznamu!
|
MARC
| LEADER | 00000nam a22000007a 4500 | ||
|---|---|---|---|
| 003 | OSt | ||
| 005 | 20181012091822.0 | ||
| 008 | 170913b2010 ck ||||| |||| 00| 0 spa d | ||
| 999 | |c 5473 |d 5473 | ||
| 040 | |c CNA-IDEP | ||
| 082 | |a 372.4 |b A696L | ||
| 100 | 1 | |9 4540 |a Arias, Ruby Esperanza | |
| 245 | 1 | 0 | |a Leer y escribir en la escuela para la vida. /[Documento electrónico]. |c Ruby Esperanza Arias, Angela Patricia Vargas González, Zulma Patricia Zuluaga Ocampo |
| 260 | |a Bogotá: |b Instituto para la Investigación Educativa y el Desarrollo Pedagógico, IDEP |b Pontificia Universidad Javeriana, |b 2010. | ||
| 300 | |a 63 p.: |b tablas, ilustraciones; | ||
| 440 | |a Serie: La sistematización como investigación: Un camino para transformar la enseñanza |9 4506 | ||
| 504 | |a Contiene referencias bibliográficas y anexos. | ||
| 650 | 1 | 0 | |9 1973 |a Enseñanza de la lectura |
| 650 | 1 | 0 | |9 1972 |a Enseñanza de la escritura |
| 650 | 0 | |9 2218 |a Escuelas publicas | |
| 700 | 1 | |9 4549 |a Vargas Gonzalez, Ángela Patricia | |
| 700 | 1 | |9 4497 |a Zuluaga Ocampo, Zulma Patricia | |
| 856 | |u http://biblioteca.idep.edu.co/libros/Leer_escribir_escuela_para_la_vida.pdf |y Para acceder al PDF haga clic aquí | ||
| 942 | |2 ddc |c BK | ||